000 00429nam a2200181Ia 4500
001 12907
005 20260306163015.0
008 260306t2009||||xx |||||||||||||| ||spa||
041 _aESP
082 _aRD 463
_bG83 2009
100 _aGrupo Océano
_eAUT
245 0 _aNuevo Océano uno:
_bdiccionario enciclopédico color
260 _c2009
300 _a
_c
650 _aGEN
654 _aCHU
942 _cDIC
_dJUS
_fJUS
_2ddc
_n
999 _c12907
_d12907